|
|
|
|
| LEADER |
00000ckm a2200000 a 4500 |
| 001 |
vtls001378580 |
| 003 |
SK-MaSNL |
| 005 |
20260331204004.0 |
| 008 |
210928q1970 xr g 00000 slo |
| 035 |
|
|
|a SNK000332546
|
| 040 |
|
|
|a SNK
|b slo
|c SNK
|e AACR2
|
| 041 |
0 |
|
|a slo
|
| 044 |
|
|
|a xr
|c CZ
|
| 080 |
|
|
|a 779
|2 1981
|
| 100 |
1 |
|
|a Sekal, J.
|4 pht
|9 289264
|
| 245 |
1 |
0 |
|a Prešov
|h grafika
|c foto: J. Sekal
|
| 260 |
|
|
|a Praha
|b Orbis
|c [1970?]
|
| 300 |
|
|
|a 1 pohľadnica ( 6 čiastkových pohľadov)
|c 10x15 cm
|
| 651 |
|
7 |
|a Prešov (Slovensko)
|2 SNKPHgeo
|9 17347
|
| 655 |
|
7 |
|a miestne pohľadnice
|2 SNKPH
|9 70510
|
| 958 |
|
|
|a GC
|
| 958 |
|
|
|a OND
|
| 999 |
|
|
|c 1065921
|d 1067851
|
| 952 |
|
|
|t P60, <04>, [BOOK], {604}
|a SNK
|b SNK
|y PREZ
|7 0
|o snkSP 77389 D1
|i snkPV 199/99
|0 0
|1 0
|4 0
|d 2000-03-28
|l 0
|r 2005-01-02 00:00:00
|w 2026-02-24
|